header

The emotional self (Record no. 93176)

MARC details
000 -LEADER
fixed length control field 01148nam a2200325Ia 4500
100 1# - MAIN ENTRY--AUTHOR NAME
Personal name Lupton, Deborah.
245 14 - TITLE STATEMENT
Title The emotional self
260 ## - PUBLICATION, DISTRIBUTION, ETC. (IMPRINT)
Place of publication London ;
-- Thousand Oaks :
Name of publisher Sage,
Year of publication 1998.
300 ## - PHYSICAL DESCRIPTION
Number of Pages vii, 195 p.
650 #0 - SUBJECT ADDED ENTRY--TOPICAL TERM
Topical Term Emotions.
Topical Term Social psychology.
856 40 - ELECTRONIC LOCATION AND ACCESS
Uniform Resource Identifier http://site.ebrary.com/lib/rucke/Doc?id=10567052

No items available.

© 2026 Rongo University
Contact us: librarian | system librarian | Rongo university